Statistics for The Kennedy Family

Click here to take the quiz!

General Stats

  • This quiz has been taken 4,565 times
  • The average score is 9 of 18

Answer Stats

LifeClueFamily Member% Correct
41917-1963President of the U.S.John
100%
51929-1994Wife of the aboveJackie
89%
111925-1968Attorney General. Assassinated by Sirhan SirhanRobert
88%
131932-2009U.S. senator for 46 yearsTed
81%
141960-1999Died in a plane crash off Martha's vineyardJohn Jr.
70%
21890-1995MatriarchRose
59%
11888-1969Ambassador to the U.K.Joseph
51%
31915-1944Killed in WWIIJoseph Jr.
50%
151957-Daughter of the President. Ambassador to JapanCaroline
49%
181947-Former husband of the above. Governor of CaliforniaArnold Schwarzenegger
48%
171955-Daughter of the running mate. Journalist and authorMaria Shriver
46%
81921-2009Founded the Special OlympicsEunice
26%
61918-2005Given a prefrontal lobotomyRosemary
26%
71920-1948Married the son of an English dukeKathleen
23%
91915-2011Husband of the above. McGovern's running mate in 1972Sargent Shriver
21%
161958-1997Son of the Attorney General. Died in a ski accidentMichael
19%
101924-2006Married actor Peter LawfordPatricia
18%
121928-Ambassador to IrelandJean
13%

Score Distribution

Percentile by Number Answered

Percent of People with Each Score

Your Score History

You have not taken this quiz